000 00573nam a22001937a 4500
999 _c171128
_d171128
005 20200107111550.0
010 _aENG-127319
020 _a9789386519207
_c200.00
035 _aEN-110851
037 _bDBAD/PUB
082 _a635.8
100 _aV.Kumaresan
245 _aMushroom cultivation
_cby V.Kumaresan
260 _aKanyakumari
_bSaras publication
_c2018
270 _a114/35G,A.R.P.Camp Road,Periavilai,Kottar P.O,Nagercoil
_bKanyakumari
_e629002
300 _a308p.
_c23cm(pbk)
500 _aincludes index.
942 _2ddc
_cEN
_mVKU
_h635.8